LEADER 00942nam a2200277 i 4500 001 991000513179707536 008 040310s1994 nyua b 001 0 eng d 020 $a0828403384 035 $ab12628189-39ule_inst 040 $aDip.to Matematica$beng 082 0 $a512.943 084 $aAMS 15-02 084 $aLC QA188.D37 100 1 $aDavis, Philip J.$013883 245 10$aCirculant matrices /$cPhilip J. Davis 250 $a[2nd ed.] 260 $aNew York, N. Y. :$bChelsea Pub. Co.,$c1994 300 $axix, 250 p. :$bill. ;$c24 cm 504 $aIncludes bibliography (p. [234]-244) and indexes 650 0$aMatrices 907 $a.b12628189$b21-09-06$c10-03-04 912 $a991000513179707536 945 $aLE013 15-XX DAV11 (1994)$g1$i2013000145082$lle013$op$pE32.38$q-$rl$s- $t0$u0$v0$w0$x0$y.i13247980$z01-04-04 996 $aCirculant matrices$9177333 997 $aUNISALENTO 998 $ale013$b10-03-04$cm$da $e-$feng$gnyu$h0$i1 LEADER 01046nam0 22002771i 450 001 UON00514183 005 20231205105512.936 100 $a20230511d1977 |0itac50 ba 101 $aita 102 $aIT 105 $a|||| ||||| 200 1 $aKenzo Tange$fPaolo Riani 210 $aFirenze$cSansoni$d1977 215 $a96 p.$cill.$d32 cm. 410 1$1001UON00514179$12001 $aˆI ‰maestri del Novecento$fcollana diretta da H. L. Jaffé e A. Busignani$1210 $aFirenze$cSansoni.$v8 606 $aTANGE KENZO$3UONC101283$2FI 620 $aIT$dFirenze$3UONL000052 676 $a720.92$cArchitettura. Persone$v21 700 1$aRIANI$bPaolo$3UONV290437$032433 712 $aSansoni$3UONV246441$4650 801 $aIT$bSOL$c20240220$gRICA 899 $aSIBA - SISTEMA BIBLIOTECARIO DI ATENEO$2UONSI 912 $aUON00514183 950 $aSIBA - SISTEMA BIBLIOTECARIO DI ATENEO$dSI ARTE ARCH. 011 $eSI LO 5111 7 996 $aKenzo Tange$9267236 997 $aUNIOR